000 00494nam a2200169Ia 4500
008 240729s9999 xx 000 0 und d
022 _a2731-4243
245 0 _anpj Biodiversity
260 _aUnited Kingdom
260 _bNature Portfolio
650 _a General. Including nature conservation, geographical distribution
650 _a Natural history (General)
650 _aScience
856 _uhttps://doaj.org/toc/502ef4b658e34be5851c3bb6df8c2621
942 _2ddc
942 _cDOAJEJ
999 _c74180
_d74180
945 _a1
_bMadushi Gamage
_c1
_dMadushi Gamage